=LDR 00000nam 2200000 4500 =001 INLIS000000000000404 =005 20150312082922.0 =006 =007 =008 Ind =035 ##$$0010-061300000000404 =041 ##$$a Ind =082 ##$$a 787.87 =090 ##$$a 787.87 Sop g =100 ##$$a Solapung, Kaye A =245 ##$$a Gitar anak, belajar langsung main pada tangganada D untuk SD kelas 4,5 dan 6 / Kaye A Solapung =260 ##$$a Jakarta $b Intermasa $c 1993 =300 ##$$a ...jild. : ilus. ; 30 cm =650 ##$$a Gitar =850 ##$$a NBPNMAT